Modelování a simulace systémů : Sborník 35. jarní mezinárodní konference. MOSIS 01.Hradec nad Moravicí, ČR. 9.- 11. May. 2001.

Salvato in:
Dettagli Bibliografici
Altri autori: Štefan, Jan (Compilatore)
Natura: Libro
Lingua:ceco
Pubblicazione: Ostrava : MARQ, 2001
Soggetti:
Tags: Aggiungi Tag
Nessun Tag, puoi essere il primo ad aggiungerne!!

MARC

LEADER 00000nam a22000003a 4500
001 stu57858
005 20150617225654.8
008 010514s2001----xr------------------cze-d
020 |a 80-85988-58-5 
040 |a STU  |b slo 
041 0 |a cze 
044 |a xr 
080 |a 519.876.5 
080 |a 519.6 
080 |a 681.5.01 
080 |a 061.3(08) 
084 |a C1220  |2 INS 
084 |a C5460  |2 INS 
084 |a C6185  |2 INS  |7 stu_us_auth*stu6249 
084 |a C7410  |2 INS 
084 |a C7420  |2 INS 
100 1 |a Štefan, Jan  |4 com 
245 1 |a Modelování a simulace systémů :  |b Sborník 35. jarní mezinárodní konference. MOSIS 01.Hradec nad Moravicí, ČR. 9.- 11. May. 2001. 
260 |a Ostrava :  |b MARQ,  |c 2001 
300 |a 130 s 
650 7 |a modelovanie systémov  |2 stusub 
650 7 |a simulácia systémov  |2 stusub 
650 7 |a automatizované riadiace systémy  |2 stusub 
650 7 |a automatizované informačné systémy  |2 stusub 
650 7 |a ASR  |2 stusub 
650 7 |a AIS  |2 stusub 
650 7 |a programovanie  |2 stusub 
996 |c I*Z211  |l II680  |s A  |a 24  |w stu57858_0001